000 00679nam a2200205 i 4500
001 72212
003 ES-MaACL
005 20230906171348.0
007 t|
008 040827s1944 sp ||||1| spa d
100 1 _aGillespie, R. P.
_956964
245 1 0 _aCálculo integral /
_cpor R.P. Guillespie ; versión castellana de la 3ª ed. inglesa por L. Bravo Gala.
260 _aMadrid :
_bDossat,
_c[1944] (
_fNuevas Gráficas)
300 _aXII, 143 p. :
_bil. ;
_c22 cm.
490 1 _aUniversity Mathematical texts
700 1 _aBravo Gala, Luis.
_931482
830 0 _aUniversity Mathematical texts
_9180736
852 _aES-MaACL
_jD-8077
_bR.27080
999 _c72212
_d72212